| 000 | 00885nam a22002537a 4500 | ||
|---|---|---|---|
| 999 |
_c33569 _d33569 |
||
| 001 | 2823 | ||
| 003 | CO-MdFUSB | ||
| 005 | 20180622073124.0 | ||
| 008 | 171120s19861987sp ||||| |||| 00| 0 spa d | ||
| 020 | _a84-7057-395-0 | ||
| 040 |
_aCO-MdFUSB _bspa _cCO-MdFUSB _dCO-MdFUSBC _erda |
||
| 041 | 0 |
_aspa _heng |
|
| 082 | 0 | 4 | _aG 226.4 F557e |
| 100 | 1 |
_aFitzmyer, Joseph A. _eautor |
|
| 245 | 3 |
_aEl evangelio según San Lucas _c/ Joseph A. Fitzmyer ; Dionisio Mínguez, Traductor |
|
| 264 | 1 |
_aMadrid, España : _bCristiandad, _c[1986,1987] |
|
| 336 |
_2rdacontent _atexto _btxt |
||
| 337 |
_2rdamedia _asin mediación _bn |
||
| 338 |
_2rdacarrier _avolumen _bnc |
||
| 500 | _aTítulo original : The gospel according to Luke | ||
| 505 | 0 | 0 | _aTomo I : Introducción general. 474 Pag. Tomo II : Traducción y comentario Cap. 1-8,21 |
| 653 | _aBiblia N.T. - Lucas - Comentarios | ||
| 942 | _cBK | ||